The psychology of prejudice and discrimination : (Record no. 16807)

MARC details
000 -LEADER
fixed length control field 00614nam a22002177a 4500
003 - CONTROL NUMBER IDENTIFIER
control field OSt
005 - DATE AND TIME OF LATEST TRANSACTION
control field 20180411162027.0
008 - FIXED-LENGTH DATA ELEMENTS--GENERAL INFORMATION
fixed length control field 180411b xxu||||| |||| 00| 0 eng d
020 ## - INTERNATIONAL STANDARD BOOK NUMBER
International Standard Book Number 0534642713
040 ## - CATALOGING SOURCE
Transcribing agency KABU
050 ## - LIBRARY OF CONGRESS CALL NUMBER
Classification number BF 575
Item number .W45 2006 C.1
100 ## - MAIN ENTRY--PERSONAL NAME
Personal name Whitley, E. Bernard
245 ## - TITLE STATEMENT
Title The psychology of prejudice and discrimination :
Medium Bernard E. Whitley and Mary E. Kite
260 ## - PUBLICATION, DISTRIBUTION, ETC. (IMPRINT)
Place of publication, distribution, etc. Australia:
Name of publisher, distributor, etc. Thomson;
Date of publication, distribution, etc. 2006.
300 ## - PHYSICAL DESCRIPTION
Extent xvii, 660p.
650 ## - SUBJECT ADDED ENTRY--TOPICAL TERM
Topical term or geographic name as entry element Prejudice
650 ## - SUBJECT ADDED ENTRY--TOPICAL TERM
Topical term or geographic name as entry element Discrimination
650 ## - SUBJECT ADDED ENTRY--TOPICAL TERM
Topical term or geographic name as entry element Stereotypes(social psychology)
700 ## - ADDED ENTRY--PERSONAL NAME
Personal name Kite, E. Mary
942 ## - ADDED ENTRY ELEMENTS (KOHA)
Source of classification or shelving scheme Library of Congress Classification
Koha item type General Collection
Holdings
Withdrawn status Lost status Source of classification or shelving scheme Not for loan Home library Current library Date acquired Cost, normal purchase price Inventory number Total Checkouts Full call number Barcode Date last seen Copy number Price effective from Koha item type Date last checked out
    Library of Congress Classification   Kabarak, Main Campus Kabarak, Main Campus 11/04/2018 4795.00 2018/1002   BF 575 .W45 2006 C.1 024800 02/08/2024 C. 1 11/04/2018 General Collection  
    Library of Congress Classification   Kabarak, Main Campus Kabarak, Main Campus 27/04/2018 4795.00 2018/1000   BF 575 .W45 2006 C.2 024818 02/08/2024 C. 2 27/04/2018 General Collection  
    Library of Congress Classification   Kabarak, Main Campus Kabarak, Main Campus 27/04/2018 4795.00 2018/1000   BF 575 .W45 2006 C.3 024848 02/08/2024 C. 3 27/04/2018 General Collection  
    Library of Congress Classification   Kabarak, Main Campus Kabarak, Main Campus 27/04/2018 4795.00 2018/1000 1 BF 575 .W45 2006 C.4 024810 02/08/2024 C. 4 27/04/2018 General Collection 08/03/2021
    Library of Congress Classification   Kabarak, Main Campus Kabarak, Main Campus 08/02/2019 4795.00     BF 575 .W45 2006 C.5 024875 02/08/2024   08/02/2019 General Collection  
Designed with assistance from East African Informatics Ltd